Rovnovážna úroková miera - teoretické koncepty a aplikácie

Odhady rovnovážnej úrokovej sadzby. Vhodnosť jednotlivých teoretických konceptov a aplikácia v podmienkach SR.

Gespeichert in:
Bibliographische Detailangaben
1. Verfasser: Benčík, Michal
Format: Buchkapitel
Sprache:Slowakisch
Schlagworte:
Tags: Tag hinzufügen
Keine Tags, Fügen Sie das erste Tag hinzu!

MARC

LEADER 00000naa$a2200000$$$4500
001 0093967
005 20231116085308.8
041 0 |a slo 
044 |a SK 
245 1 0 |a Rovnovážna úroková miera - teoretické koncepty a aplikácie  |c Michal Benčík 
520 |a Odhady rovnovážnej úrokovej sadzby. Vhodnosť jednotlivých teoretických konceptov a aplikácia v podmienkach SR. 
610 2 0 |a sadzby úrokové 
610 2 0 |a Slovensko 
610 2 0 |a miera úroková 
610 2 0 |a model Value at Risk 
610 2 0 |a eurozóna 
610 2 0 |a modely ekonomicko-matematické 
100 1 |a Benčík, Michal